000 00947 a2200217 4500
001 124806
020 _a0394826876
040 _cEscola Canadense de Niteroi
090 _aS6 - SEU
100 _aDr. Seuss
245 1 0 _aThe shape of me and other stuff
260 _aNew York
300 _a36 p.
_c4 x 0.32 x 9.33 inches (hardcover)
362 0 _a2001
490 0 _aBright and Early Books for Beginning Beginners
520 _aEven in silhouette, the fun and fanciful art of Dr. Seuss is instantly recognizable in this Bright and Early Book classic: "a bug, a balloon, a bed, a bike. No shapes are ever quite alike." Looking at ordinary shapes is great when seen through the eyes of the remarkable Dr. Seuss, but of course it's the extraordinary shapes that really make an impression. Would you want to be shaped like a BLOGG?
650 4 _aShapes
650 4 _aStories in rhyme
650 4 _aKindergarten's Literature
942 _cBK
999 _c124806
_d124806